Регионална библиотека "Любен Каравелов" - Русе

Защо чудовищата се плашат от деца (Запис номер 471444)

MARC детайли
000 -Лидер
Контролно поле с фиксирана дължина 01312nam a2200313 a 4500
003 - Код на организацията, давaща контролен номер
Контролно поле BLK
005 - Дата и час на последна редакция
Контролно поле 20250707105213.0
008 - Елементи от данни с фиксирана дължина
fixed length control field 180411b bul|||||r ||||||| ||bul||
010 ## - Наследен системен номер
LC control number KNG00199454000
020 ## - Международен стандартен номер на книга ISBN
Международен стандартен номер на книга ISBN 9786192432232
040 ## - Източник на каталожния запис
Идентификатор на билиотеката - собственик на записа BLK
041 ## - Код за език
Код за езика на текст/звукозапис или на отделно заглавие Български
Код за езика КДБФ Български
072 #7 - Код за тематичната категория
Код организация bullib
Код за тематична категория Н85
Текст Детска художествена литература Н
080 ## - УДК
Текстов определител УДК Белгийска литература
УДК код - определител по УДК 821.133.1(493)
УДК определител -93
УДК - код + определител 821.133.1(493)-93
100 ## - Редна дума - Автор
R(LIN) 1299
Автор Дюбизи, Люсил
Авторска отговорност първи автор
139 ## - Редно поле
Редна дума Дюбизи, Люсил
Авторски знак Дю - Д 97
245 10 - Сведения за заглавието
Заглавие Защо чудовищата се плашат от деца
Редно поле (дума) Люсил Дюбизи; Ил. Грегъри Мабир; Прев. от англ. Анета Пантелеева
257 ## - Страна на издаване
Страна на създаване/издаване България
260 ## - Област на издателските данни
Име на издателя, разпространителя и проч. Прозорец
Година на издаване 2022
9 (RLIN) 209461
Място на издаване, разпространение и проч. София
Издателство - префикс ISBN 978-954-733- ; 954-8079-
300 ## - Физическа характеристика
Страници 24 с.
Илюстрации и др. с цв. ил.
Размери/Мащаб 28 см
380 ## - Жанр
Жанр Детска худож. лит.
500 ## - Общи забележки
Забележка Ориг. загл. Nous, on n'aime pas les enfants! / Lucille Dubisy
700 ## - Други автори (авторска отговорност)
Лично име Мабир, Грегъри
Автороска отговорност (Описва отношението между автора и произведението) худож.
9 (RLIN) 402537
700 ## - Други автори (авторска отговорност)
Лично име Пантелеева, Анета Димитрова
Автороска отговорност (Описва отношението между автора и произведението) прев. от англ.
9 (RLIN) 1021
856 4# - Електронен адрес и достъп
Електронен формат pdf - файл
856 4# - Електронен адрес и достъп
Електронен формат pdf - файл
999 ## - СИСТЕМНИ КОНТРОЛНИ НОМЕРА
Koha biblionumber 471444
Koha biblioitemnumber 471444
942 ## - АРТИКУЛИ
Вид на библиотечния материал Книги
Скрит в OPAC Не
Koha issues (borrowed), all copies 89
Периодичен библиозапис Да
944 ## - СЪЗДАВАНЕ И РЕДАКЦИЯ на ЗАПИСА
Служител, извършил регистрацията/редакцията 30564
Статус, дата на статуса Анна Гръцманова
Наличности
Код за отписване Код за изгубен артикул Източник на класификационната схема Код за повреда Коз за рестрикции Код за отдаване Артикулен № Име на библиотеката - собственик Име на библиотеката, в която се намира в момента Статус (Текущо местоположение) Дата на вписване в системата Местоположение - отдел Цена в лева Систематично азбучна сигнатура Баркод Цена в евро Служебен тип на артикула
  Не е изгубен Universal Decimal Classification Не е повреден без рестрикции заемане за дома 901529 Регионална библиотека "Любен Каравелов" Русе Регионална библиотека "Любен Каравелов" Русе Детски отдел 2022-08-24 Детски отдел 7.12 821-93/Д 97 Л 120000874439 3.64 Книги
  Не е изгубен Universal Decimal Classification Не е повреден без рестрикции заемане за дома 901530 Регионална библиотека "Любен Каравелов" Русе Регионална библиотека "Любен Каравелов" Русе Детски отдел 2022-08-24 Детски отдел 7.12 821-93/Д 97 Л 120000874440 3.64 Книги
  Не е изгубен Universal Decimal Classification Не е повреден само за читалня ползва се в читалня 921069 Регионална библиотека "Любен Каравелов" Русе Регионална библиотека "Любен Каравелов" Русе Хранилище 2022-12-20 Хранилище 8.90 Цб II 31512 120000880797 4.55 Книги
Vip Innovations Ltd, Rousse, Bulgaria 2025